000 00830nam a2200241Ia 4500
003 OSt
005 20220923211233.0
006 a|||||r|||| 00| 0
007 ta
008 Pun
020 _a9788171435050 (hbk)
_c200
024 _a246,885
037 _b7830/X, 31/01/2011, Arsee Publishers
_cTextual
040 _aARTS
_cARTS
_bPun
041 _2Pun
_aPun
082 _aO153,1N363:g, Q0
100 _aਸਿੰਘ, ਬ੍ਰਹਮਜਗਦੀF, ਥਦ.
_9159990
245 0 _aਗੁਲਮੋਹਰ
_b ਚਿੰਤਨ ਤੇ ਚੇਤਨਾ
260 _aਅੰਮ੍ਰਿਤਸਰ
_b ਰਵੀ ਸਾਹਿਤ
_c2010
300 _a136ਪੰ
_ccm.
942 _hO153,1N363:g, Q0
_cTEXL
_2CC
999 _c297437
_d297437